000 01024nam a2200229Ia 4500
001 L223-4929
003 IT-CnALBA
008 170116s9999||||xx |||||||||||||| ||und||
040 _aIT-CnALBA
_cIT-CnALBA
041 _aITALIANO
100 _aAA. VV.
245 0 _aI SALMI, PREGHIERA DI CRISTO E DELLA CHIESA.
250 _a2a ed.
260 _aTORINO
_bELLE DI CI - LEUMANN
_c1966 [1° Ed.: n.d.]
300 _a908 p.
500 _aCOMMENTO DI SPIRITO RINAUDO. SENSO LETTERALE. SIGNIFICATO MESSIANICO. ANNUNZIO DEL MISTERO DELLA CHIESA. PREGHIERA CRISTIANA. DOPPIONE DEL DOCUMENTO 4928. VARIA SOLO L'EDIZIONE.
501 _aSocietà San Paolo EM - Piazza San Paolo, 14 - 12051 ALBA (CN) (non commercial uses only) ® Copyright 2017
520 _aCOMMENTO DI SPIRITO RINAUDO. SENSO LETTERALE. SIGNIFICATO MESSIANICO. ANNUNZIO DEL MISTERO DELLA CHIESA. PREGHIERA CRISTIANA. DOPPIONE DEL DOCUMENTO 4928. VARIA SOLO L'EDIZIONE.
650 _aLIBRI POETICI ANTICO TESTAMENTO
942 _cBK
957 _71
999 _a5912
_bNO
_g Copie: 1
_c264120
_d264120